Подробности
| 000 -МАРКЕР |
| контрольное поле |
02158nam0a22002891 4500 |
| 001 - ИДЕНТИФИКАТОР ЗАПИСИ |
| контрольное поле |
rc\4100342 |
| 005 - ИДЕНТИФИКАТОР ВЕРСИИ |
| контрольное поле |
20260406113409.0 |
| 021 ## - НОМЕР ГОСУДАРСТВЕННОЙ РЕГИСТРАЦИИ |
| Код страны |
Российская Федерация |
| Номер |
[53-43729] |
| 035 ## - ДРУГИЕ СИСТЕМНЫЕ НОМЕРА |
| Идентификатор записи |
(NLR Aleph) 008138285 |
| 100 ## - ДАННЫЕ ОБЩЕЙ ОБРАБОТКИ |
| Данные общей обработки |
20130415d1953 |||y0rusy50 ca |
| 101 0# - ЯЗЫК РЕСУРСА |
| Язык текста, звукозаписи и т.д. |
русский |
| 102 ## - СТРАНА ПУБЛИКАЦИИ ИЛИ ПРОИЗВОДСТВА |
| Страна публикации |
Российская Федерация |
| 105 ## - ПОЛЕ КОДИРОВАННЫХ ДАННЫХ: ТЕКСТОВЫЕ МАТЕРИАЛЫ, МОНОГРАФИЧЕСКИЕ |
| Кодированные данные о монографическом текстовом документе |
c z ||||| |
| 200 1# - ЗАГЛАВИЕ И СВЕДЕНИЯ ОБ ОТВЕТСТВЕННОСТИ |
| Основное заглавие |
Статьи о Горьком |
| 210 ## - ПУБЛИКАЦИЯ, РАСПРОСТРАНЕНИЕ И ДР. |
| Место издания, распространения и т.д. |
Ленинград |
| Имя издателя, распространителя и т. д. |
Сов. писатель |
| Дата издания, распространения и т.д. |
1953 |
| 215 ## - ФИЗИЧЕСКАЯ ХАРАКТЕРИСТИКА |
| Специфическое обозначение материала и объем |
546 с., 1 л. портр. |
| Другие сведения о физической характеристике |
портр. |
| Размеры |
21 |
| 327 1# - ПРИМЕЧАНИЯ О СОДЕРЖАНИИ |
| Текст примечания |
Содерж.: М. Горький - друг и соратник В.И. Ленина и И.В. Сталина; М. Горький в борьбе за передовую реалистичную литературу (1892-1917 гг.); "Мать" М. Горького - произведение социалистического реализма; "Лето" - повесть о революционном движении в деревне 900-х годов; Образ советского человека в очерках и рассказах М. Горького |
| 464 #0 - АНАЛИТИЧЕСКИЙ УРОВЕНЬ |
| Встроенное поле |
2001#$aМ. Горький - друг и соратник В.И. Ленина и И.В. Сталина$aМ. Горький в борьбе за передовую реалистичную литературу (1892-1917 гг.)$a"Мать" М. Горького - произведение социалистического реализма$a"Лето" - повесть о революционном движении в деревне 900-х годов$aОбраз советского человека в очерках и рассказах М. Горького |
| Заглавие |
Образ советского человека в очерках и рассказах М. Горького |
| 606 ## - НАИМЕНОВАНИЕ ТЕМЫ КАК ПРЕДМЕТ |
| Наименование темы |
Писатели русские, советские |
| Код системы |
psbo |
| 700 #1 - ИМЯ ЛИЦА - ПЕРВИЧНАЯ ОТВЕТСТВЕННОСТЬ |
| Начальный элемент ввода |
Касторский |
| Часть имени, кроме начального элемента ввода |
С.В. |
| Даты |
1898-1962 |
| Расширение инициалов личного имени |
Сергей Васильевич |
| 702 #1 - ИМЯ ЛИЦА - ВТОРИЧНАЯ ОТВЕТСТВЕННОСТЬ |
| Код отношения |
Прочие |
| Графика поля |
Кириллица |
| Материалы, к которым относится поле |
rus |
| Начальный элемент ввода |
Горький |
| Часть имени, кроме начального элемента ввода |
М. |
| Даты |
1868-1936 |
| Расширение инициалов личного имени |
Максим |
| Системный номер авторитетной/нормативной записи |
110200 |
| Идентификатор авторитетной/нормативной записи |
RU\NLR\auth\77104 |
| 801 #0 - ИСТОЧНИК ЗАПИСИ |
| Страна |
Российская Федерация |
| Организация |
NLR |
| Правила каталогизации |
psbo |
| 801 #1 - ИСТОЧНИК ЗАПИСИ |
| Страна |
Российская Федерация |
| Организация |
ELAR |
| Источник данных |
rusmarc |
| 852 ## - МЕСТОНАХОЖДЕНИЕ И ШИФР ХРАНЕНИЯ |
| Идентификатор организации |
NLR |
| Шифр хранения (Call Number) |
Л20 Г-3/523 |
| 942 ## - ДОПОЛНИТЕЛЬНЫЕ ЭЛЕМЕНТЫ ЗАПИСИ (АБИС) |
| Тип экземпляра АБИС |
Книга |
| 980 ## - КОЛЛЕКЦИЯ |
| Название коллекции |
Национальная библиография |